01199cam a2200301 i 45000010008000000030009000080050017000170080041000340200032000750200018001070400018001250820021001431000056001642450159002202640064003792640010004433000046004533360026004993370028005253380027005535040051005806500033006316550017006647000058006819420012007399990017007519520129007684509053EG-ScBUE20250716092938.0981009t1999 caua f b 001 0 eng d a189138905X (acidfree paper) a9781891389054 aDLCcDLCdDLC04a541.369222bMCQ1 aMcQuarrie, Donald A.q(Donald Allan)eauthor.9732410aMolecular Thermodynamics /cDonald A. McQuarrie, University of California, Davis, John D. Simon, George B. Geller professor of chemistry, Duke University. 1aSausalito, California : bUniversity Science Books,c[1999] 4cc1999 axiii, 656 pages :billustrations ;c26 cm 2rdacontentatextbtxt aunmediated2rdamediabn avolumebnc2rdacarrier aIncludes bibliographical references and index. 7aThermodynamics.2BUEsh97325 vReading book1 aSimon, John D.q(John Douglas),d1957-eauthor.97326 2ddccBB c12140d12140 00102ddc40708Alef-BaaaMAINbMAINc1STd2009-06-30ePurchaseg150.00l0o541.369 MCQp000016985r2025-07-15 00:00:00yBB